О региональных структурных закономерностях локализации эндогенных месторождений Урала; Материалы по минералогии, петрографии и полезным ископаемым Западной Сибири и Красноярского края; Вып. 3

Bibliografiske detaljer
Parent link:Материалы по минералогии, петрографии и полезным ископаемым Западной Сибири и Красноярского края/ Московское общество испытателей природы (МОИП), Томское отделение ; под ред. И. К. Баженова.— , 1964-1967
Вып. 3.— 1965.— С. 102-105
Hovedforfatter: Бакиров А. Г. Александр Григорьевич
Sprog:russisk
Udgivet: 1965
Fag:
Format: Book Chapter
KOHA link:https://koha.lib.tpu.ru/cgi-bin/koha/opac-detail.pl?biblionumber=228777

MARC

LEADER 00000naa2a2200000 4500
001 228777
005 20231031201648.0
035 |a (RuTPU)RU\TPU\book\249271 
035 |a RU\TPU\tpu\1983 
090 |a 228777 
100 |a 20121221d1965 k y0rusy50 ca 
101 0 |a rus 
102 |a RU 
200 1 |a О региональных структурных закономерностях локализации эндогенных месторождений Урала  |f А. Г. Бакиров 
320 |a Библиогр.: с. 105 (3 назв.) 
461 0 |0 (RuTPU)RU\TPU\book\77206  |t Материалы по минералогии, петрографии и полезным ископаемым Западной Сибири и Красноярского края  |f Московское общество испытателей природы (МОИП), Томское отделение ; под ред. И. К. Баженова  |d 1964-1967 
463 0 |0 (RuTPU)RU\TPU\book\249068  |t Вып. 3  |v С. 102-105  |d 1965  |p 254 с. 
610 1 |a геолого-географические науки 
610 1 |a труды учёных ТПУ 
700 1 |a Бакиров  |b А. Г.  |c российский геолог  |c профессор Томского политехнического университета  |f 1915-2009  |g Александр Григорьевич  |2 stltpush  |3 (RuTPU)RU\TPU\pers\12439 
801 0 |a RU  |b 63413507  |c 20011210  |g PSBO 
801 2 |a RU  |b 63413507  |c 20121221  |g PSBO 
942 |c BK